000
00272nam a2200121Ia 4500
008
220204s9999 xx 000 0 und d
082
_a
059
_b
BOO
100
_a
Boorer, Michael
245
0
_a
Animals
260
_a
London
_b
Macmillan
_c
1978
650
_a
Animals
942
_c
BK
999
_c
32784
_d
32784